000 00703nmc a2200277 a 4500
003 AR-BaBNM
005 20251128204604.0
008 057019s1993 ||||||||||||||000 | spa||
020 _a950-558-057-6
040 _cAR-BaBNM
245 1 0 _aLos chicos también se enamoran
250 _a2ª ed.
260 _aBuenos Aires
_bEdiciones Orión
_c1993
300 _a122 p.
490 0 _aTobogán
_vv. 4
650 4 _aLITERATURA ARGENTINA
650 4 _aLIBROS PARA NINOS
650 4 _aLITERATURA INFANTIL
650 4 _aHISTORIAS DE AMOR
650 4 _aANTOLOGIAS
655 _aLITERATURA
700 1 _aBird, Poldy
_edirector
800 1 _aBird, Poldy
_edirector
942 _cBK
998 _cMARTIN
999 _c8046
_d8046